000 00972nam a22002537i 4500
999 _c23146
_d23146
003 AR-CdUCM
008 241212b20212021 pe||||| |||| 00| 0 spa d
020 _a978-612-48613-0-7
040 _aMUNICIPALIDAD PROVINCIAL DEL CUSCO
_cBIBLIOTECA MUNICIPAL DEL CUSCO
041 _hspa
082 _a770.9 / R84
_bR84
100 _aRosadzinski, Marcin
_946925
245 _aUn Viaje al Pasado de las civilizaciones Tiahuanaco e Inka, mediante antiguas tarjetas postales /
260 _aCusco :
_bIncArt Cusco E.I.R.L.
_c2021
300 _a256 páginas. :
_c30 cm.
500 _zBibliografía: página 156
505 _aTiahuanaco, predecesora cultural de la civilización Inka, y el lago Titicaca -- La gran civilización Inka y el valle sagrado -- Qosqo, la ciudad capital sagrada de los Inkas
650 _aFotografía
_94511
650 _aTiahuanaco
_939399
650 _aInka
_9630
650 _aPuno
_93897
942 _2ddc
_cLIBROS
945 _apbj
_d12-12-2024